Проекты здания четырехкомплектного и семикомплектного начальных училищ

Доступно только в Электронных читальных залах Найти на картеНа карте
RUSMARC
00003990nmc2a22002653x 450
00174852193-ca24-421e-9b67-9f5a8811d5a0
00520240220013350.0
100##$a20230317l19101912k l0rusy0189 ca
1010#$arus
102##$aRU
105##$ae###
121##$a2
$bd
2001#$aПроекты здания четырехкомплектного и семикомплектного начальных училищ
$j1910-1912 гг.
215##$a3 л.
$cплан.
$d36,5х26 см
251##$cДело
300##$aГород Ревель, Эстляндская губерния
300##$aФасады, разрезы, поэтажные планы
300##$aТушь, акварель
371##$aДокумент не является опубликованным и широко распространяемым
461#0$1001a74412a3-3cc5-4d21-8f0a-dfe2fbd9e72d
$12001
$aДепартамент народного просвещения Министерства народного просвещения (1803-1917)
$1251
$cФонд
$1852
$j733
462#0$1001eefd6294-0537-45df-8819-30374025727c
$12001
$aПроекты школьных зданий и сметы на их постройку (в связи с подготовкой введения всеобщего обучения)
$1251
$cОпись
$1852
$j233
801#0$aRU
$bРГИА
$c20230317
$gRCR
801#1$aRU
$bГлавНИВЦ
$c20230317
$2rusmarc
801#2$aRU
$bПБ им. Б.Н. Ельцина
$c20240220
$gRCR
$2rusmarc
850##$aРГИА
852##$aРГИА
$eФедеральное казенное учреждение "Российский государственный исторический архив" (РГИА)
$j637
937##$hРГИА
$d12396890
$aASBIBLIO_SCAN
035##$aRusGRCC00067651
856##$uhttp://readingroom.main.prlib.ru/item.aspx?id_node=n191091181&mode=full
Формат отображения